<?xml version="1.0" encoding="UTF-8"?>
<record
    xmlns:xsi="http://www.w3.org/2001/XMLSchema-instance"
    xsi:schemaLocation="http://www.loc.gov/MARC21/slim http://www.loc.gov/standards/marcxml/schema/MARC21slim.xsd"
    xmlns="http://www.loc.gov/MARC21/slim">

  <leader>01234nam a22002297a 4500</leader>
  <controlfield tag="003">OSt</controlfield>
  <controlfield tag="005">20181121082706.0</controlfield>
  <controlfield tag="008">180302b        xxu||||| |||| 00| 0 spa d</controlfield>
  <datafield tag="040" ind1=" " ind2=" ">
    <subfield code="c">PJ</subfield>
  </datafield>
  <datafield tag="100" ind1=" " ind2=" ">
    <subfield code="9">120</subfield>
    <subfield code="a">Hitters, Juan Carlos</subfield>
  </datafield>
  <datafield tag="245" ind1="1" ind2="0">
    <subfield code="a">Revisi&#xF3;n de la cosa juzgada /</subfield>
    <subfield code="c">Juan C. Hitters; pr&#xF3;logo de Augusto M. Morello.</subfield>
  </datafield>
  <datafield tag="260" ind1=" " ind2=" ">
    <subfield code="a">La Plata : </subfield>
    <subfield code="b">Lep,</subfield>
    <subfield code="c">1977.</subfield>
  </datafield>
  <datafield tag="300" ind1=" " ind2=" ">
    <subfield code="a">338 p.</subfield>
    <subfield code="c">23 cm.</subfield>
  </datafield>
  <datafield tag="500" ind1=" " ind2=" ">
    <subfield code="a">Notas y citas bibliogr&#xE1;ficas a pie de p&#xE1;gina.</subfield>
  </datafield>
  <datafield tag="505" ind1=" " ind2=" ">
    <subfield code="a">Contenido:
Primera parte: propedeutica --  Segunda parte : historia y derecho comparado -- An&#xE1;lisis hist&#xF3;rico de la revisi&#xF3;n -- La revisi&#xF3;n en el derecho comparado -- Tercera parte: biolog&#xED;a de la cosa comparada (dogm&#xE1;tica) -- La cosa juzgada -- Esencia  mutable de las norma jur&#xED;dicas -- Axiolog&#xED;a -- Cuarta parte: la revisi&#xF3;n en el derecho argentino -- La revisi&#xF3;n en las diversas disciplinas jur&#xED;dicas -- Recurso de revisi&#xF3;n en el proceso civil -- Acci&#xF3;n de nulidad -- Consideraciones finales.</subfield>
  </datafield>
  <datafield tag="650" ind1=" " ind2="0">
    <subfield code="9">267</subfield>
    <subfield code="a">DERECHO PROCESAL</subfield>
  </datafield>
  <datafield tag="650" ind1=" " ind2="0">
    <subfield code="9">2041</subfield>
    <subfield code="a">RESOLUCIONES JUDICIALES</subfield>
  </datafield>
  <datafield tag="650" ind1=" " ind2="0">
    <subfield code="9">2356</subfield>
    <subfield code="a">SENTENCIA FIRME</subfield>
  </datafield>
  <datafield tag="650" ind1=" " ind2="0">
    <subfield code="9">965</subfield>
    <subfield code="a">COSA JUZGADA</subfield>
  </datafield>
  <datafield tag="700" ind1=" " ind2=" ">
    <subfield code="9">95</subfield>
    <subfield code="a">Morello, Augusto Mario </subfield>
    <subfield code="e">prologuista</subfield>
  </datafield>
  <datafield tag="942" ind1=" " ind2=" ">
    <subfield code="2">udc</subfield>
    <subfield code="c">LIB</subfield>
    <subfield code="h">342.95</subfield>
    <subfield code="i">HIT</subfield>
  </datafield>
  <datafield tag="999" ind1=" " ind2=" ">
    <subfield code="c">1943</subfield>
    <subfield code="d">1943</subfield>
  </datafield>
  <datafield tag="952" ind1=" " ind2=" ">
    <subfield code="0">0</subfield>
    <subfield code="1">0</subfield>
    <subfield code="2">udc</subfield>
    <subfield code="4">0</subfield>
    <subfield code="7">0</subfield>
    <subfield code="a">DJS</subfield>
    <subfield code="b">DJS</subfield>
    <subfield code="d">2018-11-13</subfield>
    <subfield code="l">1</subfield>
    <subfield code="m">2</subfield>
    <subfield code="o">347.953 HIT</subfield>
    <subfield code="p">0474</subfield>
    <subfield code="q">2026-02-11</subfield>
    <subfield code="r">2025-08-08</subfield>
    <subfield code="s">2025-08-08</subfield>
    <subfield code="w">2018-11-13</subfield>
    <subfield code="y">LIB</subfield>
  </datafield>
</record>
